|
|
|
|
| LEADER |
00965nab#a2200349#ar4500 |
| 001 |
000012721 |
| 003 |
SVKKK |
| 005 |
00000000000000.0 |
| 008 |
c xo e sloo |
| FMT |
|
|
|
| 038 |
|
|
|a SVKKK
|
| 040 |
|
|
|a SVKKK
|b slo
|e AACR2
|
| 041 |
0 |
|
|a slo
|
| 044 |
|
|
|a xo
|c SK
|
| 080 |
|
|
|a 796.96
|2 1981
|
| 080 |
|
|
|a 929 Dragan, Jaromí
|2 1981
|
| 100 |
1 |
|
|a Valko, Juraj
|4 aut
|
| 245 |
1 |
0 |
|a Kúzelník v klietke :
|b Jaromír Dragan nemá veľké nároky - berie život taký, aký je...
|c Valko Juraj ... [et al.]
|
| 300 |
|
|
|b Fotogr. 4
|
| 600 |
1 |
4 |
|a Dragan, Jaromír,
|d 1963,
|x brankár hokejový
|
| 700 |
1 |
|
|a Dragan, Jaromír
|4 aut
|
| 700 |
1 |
|
|a Pospíšil, Peter
|4 aut
|
| 700 |
1 |
|
|a Súkup, Ján
|4 aut
|
| 773 |
0 |
|
|t Slovenská republika víkend
|g Roč. 4, č. 26/150(1996), dát. 0628, s. 20
|
| 957 |
|
|
|a Košice
|
| 958 |
|
|
|a KE
|
| 958 |
|
|
|a RE
|
| 974 |
|
|
|d 961223
|a Čr
|
| 992 |
|
|
|a RBX
|
| BAS |
|
|
|
| 852 |
|
|
|a SVKKK
|b BIB
|
| 998 |
|
|
|a REG
|